Evaluación de distribución de aguas de riego en San Rafael de Ojo de Agua

Bewaard in:
Bibliografische gegevens
Hoofdauteur: Induni López, Rosa María
Formaat: Boek
Gepubliceerd in: [San José , Costa Rica] 1986
Onderwerpen:
Tags: Voeg label toe
Geen labels, Wees de eerste die dit record labelt!

MARC

LEADER 00000nam a2200000Ia 4500
003 004104
005 20221231144358.0
008 140114s1986 cr a m 000 ||s d
040 |c cru CEDI 
090 |a TFG 1760 
100 |a Induni López, Rosa María  |9 14313 
245 |a Evaluación de distribución de aguas de riego en San Rafael de Ojo de Agua 
260 |c 1986  |a [San José , Costa Rica] 
300 |a  244 hojas : ilustraciones (algunas plegables)  
500 |a  Proyecto de graduación (licenciatura en ingeniería civil)--Universidad de Costa Rica. Escuela de Ingeniería Civil 
650 |x RIEGO - SAN RAFAEL (HEREDIA, COSTA RICA)  |9 14314 
942 |c TFG 
999 |c 20995  |d 20995